Milyen az élet egy vidéki szálloda Front office munkaterületén?
| Main Author: | |
|---|---|
| Other Authors: | |
| Format: | Project work |
| Kulcsszavak: | belvárosi szálloda Front Office Ginkgo hotel munkafolya szállodaipar |
| Online Access: | http://dolgozattar.uni-bge.hu/59732 |
MARC
| LEADER | 00000nnm a2200000 i 4500 | ||
|---|---|---|---|
| 001 | dolg59732 | ||
| 005 | 20260409145505.0 | ||
| 008 | 260409suuuu hu o 000 hun d | ||
| 040 | |a BGE Dolgozattár Repozitórium |b hun | ||
| 041 | |a hu | ||
| 100 | 1 | |a Baranyi Szabina Erika | |
| 245 | 1 | 0 | |a Milyen az élet egy vidéki szálloda Front office munkaterületén? |c Baranyi Szabina Erika |h [elektronikus dokumentum] |
| 516 | |a Project_work | ||
| 520 | 3 | |a A projektmunkában a Hódmezővásárhelyi Ginkgo Hotel front office tevékenységét szeretném bemutatni. Részletesen kitérek a front office működésére, a recepciós feladatok szervezésére és lebonyolítására, a vendégfogadásra és a vendégpanaszok kezelésére. Készítettem egy mélyinterjút a front office részleg vezetőjével, amely során átfogó képet kaptam a szálloda vendég összetételéről és a jövőbeli célkitűzésekről. Emellett SWOT elemzést készítettem a városról és a szállodáról saját tapasztalat alapján. | |
| 695 | |a belvárosi szálloda | ||
| 695 | |a Front Office | ||
| 695 | |a Ginkgo hotel | ||
| 695 | |a munkafolya | ||
| 695 | |a szállodaipar | ||
| 700 | 1 | |a Schablik Dr. Vilmos |e ths | |
| 856 | 4 | 0 | |u http://dolgozattar.uni-bge.hu/59732/1/Projektmunka%20-%20Baranyi%20Szabina%20Erika%20.pdf |z Dokumentum-elérés |
| 856 | 4 | 0 | |u http://dolgozattar.uni-bge.hu/59732/2/BaranyiErikaSzabina_FOSZK_b%C3%ADr%C3%A1lat.pdf |z Dokumentum-elérés |